| 000 | 00416nam a2200169Ia 4500 | ||
|---|---|---|---|
| 008 | 140507t2012 xxu||||| |||| 00| 0 sin d | ||
| 041 | _asin | ||
| 080 |
_aX8S31 _bRAH |
||
| 100 | _aRahubadda, Sumithra | ||
| 245 | _aදළ රළ පෙළ | ||
| 246 | _aDala Rala Pela | ||
| 260 |
_bAuthor _aNugegoda _c2012 |
||
| 300 | _ap216p., 21 cm | ||
| 942 | _cBK | ||
| 999 |
_c73892 _d73892 |
||
| 003 | LK-CoDNM | ||
| 040 |
_aLK-CoDNM _dLK-CoDNM _eLK-CoDNM |
||